000 00642nam a2200229Ia 4500
003 OSt
005 20220928140805.0
006 a|||||r|||| 00| 0
007 ta
008 220927b |||||||| |||| 00| 0 eng d
024 _a11899
037 _cTextual
040 _aSDCL
_cSDCL
_beng
041 _2eng
_aeng
082 _aX:8, M0
100 _aMitton Daryl G
_9497679
245 0 _aManagerial clout
_b Take action get results influence people &events
260 _c1980
700 _a Lilligren-Mitton Betty
_9497680
942 _hX:8, M0
_cTEXL
_2CC
999 _c814317
_d814317